| 000 | 00395nam a2200133Ia 4500 | ||
|---|---|---|---|
| 008 | 210210b1974 xxu||||| |||| 00| 0 eng d | ||
| 082 | _a920 BUIP | ||
| 100 | _aBUILDERS OF MODERN INDIA. | ||
| 245 | _aP S Sivaswami Aiyer.by K Chandrasekharan. | ||
| 260 |
_aIndia _bPublication Division Ministry of Information & Broadcasting _c1974 |
||
| 300 | _avii,156 | ||
| 690 | _aBiography | ||
| 906 | _a032731 | ||
| 999 |
_c83734 _d83734 |
||